| 000 | 00523nam a2200169Ia 4500 | ||
|---|---|---|---|
| 008 | 090123s9999 xx 000 0 und d | ||
| 082 |
_b29319 _a891.463/पटव |
||
| 100 | _aपटवर्धन केशव | ||
| 245 | _aवादळातील नौका | ||
| 250 | _a0 | ||
| 300 | _a250 | ||
| 600 | _aपटवर्धन केशव | ||
| 630 | _aवादळातील नौका | ||
| 700 | _aपटवर्धन केशव | ||
| 730 | _aवादळातील नौका | ||
| 942 | _cBOOK | ||
| 999 |
_c68102 _d68102 |
||